Regionálne inovačné stratégie

Salvato in:
Dettagli Bibliografici
Autore principale: Matloňová, Zuzana, 1982-
Natura: Capitolo di libro
Lingua:slovacco
Tags: Aggiungi Tag
Nessun Tag, puoi essere il primo ad aggiungerne!!

MARC

LEADER 00000nla$a2200000$$$4500
001 0143546
005 20240522074532.8
041 0 |a slo 
044 |a SK 
245 1 0 |a Regionálne inovačné stratégie  |c Zuzana Matloňová 
100 1 |a Matloňová, Zuzana, 1982-